[Event "Tourn. n9203"]
[Site "www.chess-mail.com"]
[Date "2017.01.21"]
[Round "1"]
[White "Norlavuaram"]
[Black "Bojan"]
[WhiteElo "2130"]
[BlackElo "2020"]
[Result "1-0"]
[Round "1"]
1.e4 e5
2.Ng1f3 Bf8d6
3.d4 exd4
4.Qd1xd4 f6
5.Bf1c4 Nb8c6
6.Qd4d5 Qd8e7
7.O-O Nc6e5
8.Nf3xe5 Bd6xe5
9.f4 c6
10.Qd5d3 Be5c7
11.Nb1c3 d6
12.Bc1d2 Ng8h6
13.Ra1e1 Bc8e6
14.Nc3d5 Bc7b6
15.Nd5xb6 Be6xc4
16.Nb6xc4 Ra8d8
17.Nc4e3 O-O
18.Qd3b3 Rf8f7
19.Ne3d1 Qe7d7
20.h3 Kh8
21.Qb3f3 Rd8e8
22.Nd1c3 Rf7e7
23.g4 Nh6f7
24.Kg2 Kg8
25.Bd2c1 Re7e6
26.Bc1d2 Nf7h8
27.Kg3 Qd7f7
28.a3 b5
29.Re1e3 a6
30.Rf1e1 Qf7c7
31.Kg2 Nh8f7
32.Nc3d1 Qc7b6
33.Bd2c3 a5
34.h4 Re6e7
35.g5 fxg5
36.hxg5 Nf7h8
37.Re1h1 Nh8g6
38.f5 Ng6e5
39.Qf3h3 g6
40.Bc3xe5 dxe5
41.fxg6 hxg6
42.Re3f3 { resign }
1-0

[Event "Tourn. n9182"]
[Site "www.chess-mail.com"]
[Date "2017.01.21"]
[Round "1"]
[White "Faerieking"]
[Black "Mitja"]
[WhiteElo "2180"]
[BlackElo "2060"]
[Result "1-0"]
[Round "1"]
1.e4 d5
2.exd5 Qd8xd5
3.Ng1f3 Qd5d8
4.d4 e6
5.Bf1c4 h6
6.O-O c6
7.Rf1e1 Ng8f6
8.a4 b6
9.Qd1e2 Bc8b7
10.Bc1f4 Bf8e7
11.Nb1d2 Nb8d7
12.Ra1d1 O-O
13.Nf3e5 Rf8e8
14.Ne5xf7 Kxf7
15.Qe2xe6 Kg6
16.Bc4d3 { resign }
1-0

[Event "Tourn. n9130"]
[Site "www.chess-mail.com"]
[Date "2017.01.21"]
[Round "1"]
[White "Jjmcbride"]
[Black "Autmich"]
[WhiteElo "1530"]
[BlackElo "1549"]
[Result "1-0"]
[Round "1"]
1.e4 e5
2.Ng1f3 Nb8c6
3.a3 Ng8f6
4.h3 Nf6xe4
5.Qd1e2 d5
6.d3 Ne4f6
7.Nf3xe5 Nc6xe5
8.Qe2xe5 Bf8e7
9.Bc1d2 O-O
10.g4 Rf8e8
11.Bf1e2 Be7xa3
12.Qe5d4 c5
13.Qd4a4 Ba3xb2
14.Ra1a2 Bb2e5
15.O-O Qd8c7
16.f4 Be5xf4
17.Bd2xf4 Qc7e7
18.c4 Bc8d7
19.Qa4c2 d4
20.g5 Bd7xh3
21.Rf1f2 Nf6d7
22.Qc2d1 Nd7e5
23.Nb1d2 Ne5g6
24.Nd2e4 Ng6xf4
25.Rf2xf4 Qe7e5
26.Rf4f2 Bh3f5
27.Be2f3 Bf5xe4
28.Bf3xe4 Qe5xg5
29.Rf2g2 Qg5e3
30.Ra2f2 Ra8b8
31.Be4xh7 Kxh7
32.Qd1h5 Qe3h6
33.Qh5f5 Kg8
34.Qf5xf7 Kh8
35.Rg2h2 Re8e1
36.Kg2 { resign }
1-0

[Event "Tourn. n9158"]
[Site "www.chess-mail.com"]
[Date "2017.01.21"]
[Round "1"]
[White "Winston"]
[Black "Pachi"]
[WhiteElo "1620"]
[BlackElo "1460"]
[Result "1/2-1/2"]
[Round "1"]
1.e4 e5
2.Ng1f3 d6
3.Bf1c4 Bc8g4
4.Nb1c3 f5
5.d3 fxe4
6.dxe4 Nb8c6
7.O-O Nc6d4
8.Bc4e2 Ng8f6
9.h3 Bg4xf3
10.Be2xf3 h6
11.Bc1e3 c5
12.Bf3h5 Ke7
13.Be3xd4 { draw }
1/2-1/2

[Event "Tourn. n9095"]
[Site "www.chess-mail.com"]
[Date "2017.01.21"]
[Round "1"]
[White "Redapond1"]
[Black "Falcoale"]
[WhiteElo "2069"]
[BlackElo "1900"]
[Result "0-1"]
[Round "1"]
1.d4 Ng8f6
2.Bc1f4 e6
3.Nb1c3 d5
4.e3 Bf8d6
5.Bf4g5 h6
6.Bg5xf6 Qd8xf6
7.Qd1f3 Qf6e7
8.O-O-O O-O
9.Bf1d3 Nb8c6
10.e4 Nc6xd4
11.Qf3e3 c5
12.Qe3g3 Bd6xg3
13.hxg3 f5
14.Ng1f3 fxe4
15.Nf3xd4 cxd4
16.Nc3xe4 dxe4
17.Bd3c4 Rf8xf2
18.Rd1d2 Rf2xd2
19.Kxd2 a6
20.Rh1e1 Qe7b4
21.Kd1 Qb4xc4
22.b3 Qc4c3
 { time }
0-1

[Event "Tourn. n9201"]
[Site "www.chess-mail.com"]
[Date "2017.01.21"]
[Round "1"]
[White "Norlavuaram"]
[Black "Bojan"]
[WhiteElo "2130"]
[BlackElo "2020"]
[Result "0-1"]
[Round "1"]
1.e4 e5
2.Ng1f3 Nb8c6
3.Bf1b5 Qd8f6
4.Nb1c3 Ng8e7
5.O-O Nc6d4
6.Nf3xd4 exd4
7.Nc3d5 Qf6d6
8.Nd5xe7 Bf8xe7
9.d3 Qd6e5
10.Bb5c4 Be7d6
11.f4 Qe5e7
12.Qd1f3 f6
13.Bc1d2 c5
14.Ra1e1 Bd6c7
15.e5 Kd8
16.exf6 Qe7xf6
17.Re1e2 Rh8e8
18.Re2xe8 Kxe8
19.Rf1e1 Kd8
20.g3 a6
21.Qf3d5 Qf6f8
22.Qd5g5 Qf8f6
23.Qg5xc5 h5
24.c3 Bc7b6
25.Qc5xh5 dxc3
26.Bd2e3 Bb6xe3
27.Re1xe3 cxb2
28.Re3e8 Kc7
29.Qh5c5 Qf6c6
30.Qc5e5 d6
31.Re8e7 Kd8
32.Qe5xb2 Kxe7
33.Qb2xg7 Kd8
34.h4 Bc8h3
35.Qg7g8 Kc7
36.Qg8f7 Qc6d7
37.Qf7d5 Qd7c6
38.Qd5f7 Kb6
39.Bc4d5 Qc6c7
40.Qf7f6 Qc7c5
41.Kh2 Bh3d7
42.Qf6b2 Qc5b5
43.Qb2d4 Kc7
44.h5 Ra8e8
45.h6 Re8e2
{ resign }
0-1

[Event "Tourn. n9147"]
[Site "www.chess-mail.com"]
[Date "2017.01.21"]
[Round "1"]
[White "Genius3"]
[Black "Scasan55"]
[WhiteElo "1870"]
[BlackElo "1980"]
[Result "1-0"]
[Round "1"]
1.e4 c5
2.Ng1f3 d6
3.Bf1b5 Bc8d7
4.Bb5xd7 Qd8xd7
5.O-O Ng8f6
6.Nb1c3 e6
7.d4 cxd4
8.Nf3xd4 Bf8e7
9.Qd1e2 O-O
10.Bc1e3 a6
11.f3 b5
12.a3  { time }
1-0

[Event "Match"]
[Site "www.echecsemail.com"]
[Date "2017.01.21"]
[Round "1"]
[White "Pdebonis"]
[Black "Whitekknight"]
[WhiteElo "1499"]
[BlackElo "1910"]
[Result "1-0"]
[Round "1"]
1.e4 e5
2.Ng1f3 d6
3.d4 exd4
4.Nf3xd4 Ng8f6
5.Nb1c3 Bc8d7
6.Bf1e2 Nb8c6
7.O-O Nc6xd4
8.Qd1xd4 Bf8e7
9.a4 O-O
10.Rf1d1 Bd7c6
11.Bc1e3 a6
12.b4 Rf8e8
13.f3 Be7f8
14.Be2c4 Qd8e7
15.b5 axb5
16.axb5 Bc6d7
17.Ra1xa8 Re8xa8
18.Be3g5 Qe7e5
19.Qd4xe5 dxe5
20.Bg5xf6 gxf6
21.Rd1xd7 Bf8c5
22.Kf1 Ra8f8
23.Rd7xc7 b6
24.Nc3a4 Bc5d4
25.Rc7b7 Rf8a8
26.Bc4xf7 Kf8
27.Bf7b3 Ra8a5
28.Na4xb6 Ke8
29.Nb6d5 Ra5a7
30.Rb7xa7 Bd4xa7
31.b6 Ba7b8
32.Nd5xf6 { resign }
1-0

[Event "Match"]
[Site "www.echecsemail.com"]
[Date "2017.01.21"]
[Round "1"]
[White "Coraza8091"]
[Black "Iko"]
[WhiteElo "1500"]
[BlackElo "1690"]
[Result "1-0"]
[Round "1"]
1.e4 e5
2.Bf1c4 Ng8f6
3.Nb1c3 c6
4.Ng1f3 Bf8d6
5.Bc4xf7 Kxf7
6.Nf3g5 Ke8
7.d3 h6
8.Ng5f3 b5
9.O-O b4
10.Nc3e2 a5
11.Rf1e1 a4
12.a3 bxa3
13.bxa3 Ra8a5
14.Bc1d2 Ra5b5
15.c4 Rb5b3
16.Bd2e3 Qd8a5
17.Be3d2 Qa5b6
18.Ne2c1 Rb3xa3
19.Nc1a2 Ra3xd3
20.Na2c1 Rd3a3
21.Ra1xa3 Bd6xa3
22.Nc1d3 Nf6g4
23.h3 Ng4f6
24.Nd3xe5 Ba3c5
25.Ne5d3 Kf7
26.Nf3e5 Ke6
27.Bd2e3 Bc5xe3
28.Re1xe3 c5
29.Ne5g6 Rh8e8
30.Nd3f4 Kf7
31.e5 Nf6h5
32.Qd1xh5 Kg8
33.Ng6h4 Qb6b2
34.Qh5xe8 Kh7
35.Nf4g6 Qb2c1
36.Kh2 Qc1xc4
37.Qe8h8 
1-0

[Event "Match"]
[Site "www.echecsemail.com"]
[Date "2017.01.21"]
[Round "1"]
[White "Pdebonis"]
[Black "Billyg"]
[WhiteElo "1499"]
[BlackElo "1670"]
[Result "1-0"]
[Round "1"]
1.d4 d5
2.c4 dxc4
3.Ng1f3 Nb8c6
4.d5 Nc6b8
5.e4 b5
6.a4 a6
7.axb5 Ng8f6
8.Nb1c3 c6
9.bxc6 e5
10.Nf3xe5 Bf8d6
11.Ne5xc4 Qd8e7
12.Qd1e2 Bd6b4
13.Nc4b6 Ra8a7
14.Nb6xc8 Qe7e5
15.Nc8xa7 Bb4xc3
16.bxc3 Qe5xc3
17.Qe2d2 Qc3xa1
18.c7 O-O
19.f3 Nb8d7
20.c8Q Rf8xc8
21.Na7xc8 Qa1e5
22.Bc1b2 Qe5e7
23.Nc8xe7 Kh8
24.Qd2a5 { resign }
1-0

[Event "Match"]
[Site "www.echecsemail.com"]
[Date "2017.01.21"]
[Round "1"]
[White "Pdebonis"]
[Black "Manuelito"]
[WhiteElo "1499"]
[BlackElo "1660"]
[Result "1/2-1/2"]
[Round "1"]
1.d4 d5
2.c4 dxc4
3.Ng1f3 a6
4.e3 e6
5.Bf1xc4 Ng8f6
6.O-O b5
7.Bc4e2 Bc8b7
8.a4 c6
9.Qd1c2 Nb8d7
10.e4 Bf8e7
11.e5 Nf6d5
12.Nb1c3 O-O
13.Nc3xd5 exd5
14.Be2d3 g6
15.Bc1h6 Rf8e8
16.e6 { draw }
1/2-1/2

[Event "Match"]
[Site "www.echecsemail.com"]
[Date "2017.01.21"]
[Round "1"]
[White "Pdebonis"]
[Black "Pinehill"]
[WhiteElo "1499"]
[BlackElo "2060"]
[Result "1-0"]
[Round "1"]
1.d4 Ng8f6
2.c4 h6
3.Nb1c3 e6
4.e4 Bf8b4
5.e5 Nf6e4
6.Qd1g4 Ne4xc3
7.a3 Nc3a2
8.axb4 Na2xb4
9.Qg4xg7 Rh8f8
10.Bc1xh6 Qd8e7
11.Kd2 c5
12.Ng1f3 d5
13.cxd5 Nb4xd5
14.Qg7xf8 Qe7xf8
15.Bh6xf8 Kxf8
16.dxc5 Nb8c6
17.h4 Bc8d7
18.h5 Kg7
19.h6 Kh8
20.g3 Nc6b4
21.Nf3g5 f5
22.h7 a6
23.Ng5f7 Kg7
24.h8Q Ra8xh8
25.Nf7xh8 Bd7c6
26.Rh1h4 Nd5e7
27.Rh4xb4 Kxh8
28.Bf1c4 Ne7d5
29.Bc4xd5 Bc6xd5
30.g4 fxg4
31.Rb4xg4 { resign }
1-0

[Event "Match"]
[Site "www.echecsemail.com"]
[Date "2017.01.21"]
[Round "1"]
[White "Romaamor69"]
[Black "Babedad"]
[WhiteElo "2380"]
[BlackElo "2250"]
[Result "1/2-1/2"]
[Round "1"]
1.d4 Ng8f6
2.Ng1f3 e6
3.c4 b6
4.g3 Bc8b7
5.Bf1g2 Bf8e7
6.O-O O-O
7.Nb1c3 Nf6e4
8.Nc3xe4 Bb7xe4
9.Nf3e1 Be4xg2
10.Ne1xg2 d5
11.cxd5 Qd8xd5
12.Qd1d3 c5
13.Bc1e3 cxd4
14.Ng2f4 Qd5b7
15.Be3xd4 Nb8c6
16.Qd3f3 { draw }
1/2-1/2

[Event "Match"]
[Site "www.echecsemail.com"]
[Date "2017.01.21"]
[Round "1"]
[White "Jobeye"]
[Black "Fabos12"]
[WhiteElo "2010"]
[BlackElo "2090"]
[Result "0-1"]
[Round "1"]
1.c4 e5
2.e4 Nb8c6
3.Ng1f3 Bf8c5
4.Nb1c3 d6
5.a3 a6
6.Nc3d5 Ng8e7
7.Nd5xe7 Qd8xe7
8.b4 Bc5a7
9.Bc1b2 Bc8g4
10.Bf1e2 Bg4xf3
 { time }
0-1

[Event "Match"]
[Site "www.echecsemail.com"]
[Date "2017.01.21"]
[Round "1"]
[White "Coraza8091"]
[Black "Wagner"]
[WhiteElo "1490"]
[BlackElo "1820"]
[Result "0-1"]
[Round "1"]
1.e4 e5
2.Bf1c4 Ng8h6
3.d3 Bf8c5
4.Bc1xh6 gxh6
5.Qd1f3 Rh8f8
6.Ng1e2 Nb8c6
7.O-O a6
8.Nb1c3 Nc6a5
9.Qf3h3 Qd8g5
10.Nc3d5 Ra8b8
11.Nd5xc7 Kd8
12.Nc7d5 d6
13.Nd5c3 Bc8xh3
14.Ne2g3 Bh3e6
15.a3 Na5c6
16.Ra1d1 Nc6d4
17.Rd1c1 Be6g4
18.b4 Bc5b6
19.Nc3d5 Bb6c7
20.Rf1e1 b5
21.Bc4a2 a5
22.Nd5e3 Qg5h4
23.h3 Bg4f3
24.Kh2 d5
25.Ba2xd5 f5
26.c3 Nd4b3
27.Bd5xb3 f4
28.Ne3f5 fxg3
29.fxg3 Qh4h5
30.Nf5g7 Qh5f7
31.Ng7f5 Bf3h5
32.Bb3xf7 Rf8xf7
33.Nf5xh6 Rf7f8
34.Nh6f5 Rf8f7
35.Nf5h6 Rf7f2
36.g4 Bh5e8
37.Kg3 Rf2d2
38.d4 exd4
39.Kf3 Rb8b6
40.Nh6f5 axb4
41.axb4 Rd2d3
42.Ke2 Rd3xc3
43.Rc1d1 Rc3e3
44.Kf2 Re3xe1
45.Kxe1 Bc7e5
46.Nf5xd4 Rb6d6
47.Nd4e6 Ke7
48.Ne6c7 Be5c3
49.Ke2 Bc3xb4
50.Nc7d5 Rd6xd5
51.Rd1xd5 Ke6
52.h4 Be8c6
53.Rd5d4 Bb4c5
54.Rd4d8 Bc6xe4
55.Rd8e8 Kd5
56.Re8d8 Bc5d6
57.g3 b4
58.Kd2 b3
59.Kc3 Be4c2
60.g5 Ke6
61.g4 Ke7
62.Rd8h8 Bd6e5
63.Kd2 Be5xh8
64.h5 Kf8
65.Kc1 Kg7
66.h6 Kg6
{ resign }
0-1

[Event "1/128 Finale"]
[Site "www.chess-mail.com"]
[Date "2017.01.21"]
[Round "1"]
[White "Guidom"]
[Black "Julian"]
[WhiteElo "2160"]
[BlackElo "1870"]
[Result "1-0"]
[Round "1"]
1.e4 c5
2.Ng1f3 d6
3.d4 cxd4
4.Nf3xd4 Ng8f6
5.Nb1c3 a6
6.Bf1e2 e5
7.Nd4f3 h6
8.O-O Bc8e6
9.Bc1e3 Nb8d7
10.h3 Ra8c8
11.Be2d3 Bf8e7
12.Qd1e2 O-O
13.Ra1d1 b5
14.a3 Nd7b6
15.Rf1e1 d5
16.Be3xb6 Qd8xb6
17.Nf3xe5 dxe4
18.Nc3xe4 Nf6xe4
19.Qe2xe4 f5
20.Qe4e2 Be7c5
21.Ne5f3 Rc8e8
22.Qe2d2 f4
23.Bd3g6 Re8d8
24.Qd2e2 Be6c4
25.Bg6d3 Bc4xd3
26.Rd1xd3 Rd8xd3
27.cxd3 g5
28.Qe2e6 Qb6xe6
29.Re1xe6 Rf8d8
30.Re6xh6 Rd8xd3
31.Kf1 Rd3b3
32.Nf3xg5 Rb3xb2
33.Ng5e4 Bc5xa3
34.Rh6xa6 b4
35.Ke1 Rb2a2
36.Ne4d2 Ra2c2
37.Ra6b6 Ba3c1
38.Nd2b3 Bc1a3
39.Nb3d4 Rc2b2
40.g3 fxg3
41.fxg3 Rb2h2
42.h4 Rh2g2
43.Nd4e2 Ba3b2
44.Rb6xb4 Bb2e5
45.Rb4g4 Kh7
46.Kf1 Rg2h2
47.Ne2f4 Rh2h1
48.Kg2 Rh1a1
49.Nf4d3 Be5g7
50.Rg4e4 Ra1a2
51.Kh3 Ra2a1
52.Re4e7 Kg6
53.Nd3f4 Kf6
54.Re7b7 Bg7f8
55.h5 Bf8h6
56.Rb7b6 Kg7
57.Rb6g6 Kh7
58.Nf4d5 Ra1a5
59.Nd5f6 Kh8
60.Rg6g8 { resign }
1-0

[Event "Fast Game"]
[Site "www.echecsemail.com"]
[Date "2017.01.21"]
[Round "1"]
[White "Jobeye"]
[Black "Traub"]
[WhiteElo "1819"]
[BlackElo "1670"]
[Result "0-1"]
[Round "1"]
1.e4 e6
2.b3 d5
3.f3 dxe4
4.Bc1b2 exf3
5.Ng1xf3 Ng8f6
6.Bf1d3 c5
7.O-O Nb8c6
8.Nb1c3 a6
9.Nc3e2 b5
10.Nf3g5 Bf8e7
11.Ra1b1 Bc8b7
12.Bb2xf6 Be7xf6
13.Ng5xh7 Nc6d4
14.Nh7xf6 gxf6
15.Ne2f4 Qd8d6
16.c3 O-O-O
17.cxd4 Qd6xd4
18.Kh1 Rh8h4
19.Nf4xe6 fxe6
20.Qd1c2 Rd8h8
21.h3 Rh4xh3
{ resign }
0-1

[Event "Fast Game"]
[Site "www.echecsemail.com"]
[Date "2017.01.21"]
[Round "1"]
[White "Pellix84"]
[Black "Hennie4820"]
[WhiteElo "1650"]
[BlackElo "1670"]
[Result "1-0"]
[Round "1"]
1.d4 Ng8f6
2.g3 g6
3.Bf1g2 Bf8g7
4.e4 d6
5.Ng1f3 O-O
6.Nb1d2 Nb8d7
7.b3 c6
8.Bc1b2 Qd8c7
9.O-O c5
10.c3 cxd4
11.cxd4 Nd7b6
12.Rf1e1 Bc8g4
13.Ra1c1 Qc7d7
14.Qd1c2 Ra8c8
15.Qc2d3 Rf8d8
16.e5 dxe5
17.Nf3xe5 Qd7d6
18.Bg2xb7 Rc8xc1
19.Re1xc1 Bg4h3
20.Nd2f3 Nf6h5
21.Qd3e4 f5
22.Qe4c6 Rd8b8
23.Nf3g5 Bh3g4
24.Qc6c7 Bg7h6
25.Ng5f7 Rb8xb7
26.Qc7xb7 Bh6xc1
27.Nf7xd6 Bc1xb2
28.Qb7xe7 Bb2xd4
29.Qe7f7 Kh8
30.Qf7f8 { resign }
1-0

[Event "Fast Game"]
[Site "www.echecsemail.com"]
[Date "2017.01.21"]
[Round "1"]
[White "Yoj"]
[Black "Pellix84"]
[WhiteElo "2009"]
[BlackElo "1650"]
[Result "1-0"]
[Round "1"]
1.Ng1f3 c5
2.b3 e6
3.e4 Nb8c6
4.Bc1b2 d6
5.Nb1c3 Ng8f6
6.d3 Bf8e7
7.Bf1e2 O-O
8.d4 cxd4
9.Nf3xd4 Bc8d7
10.O-O a6
11.Be2f3 Qd8c7
12.Nd4xc6 bxc6
13.Qd1d2 Ra8c8
14.Ra1d1 e5
15.h3 Bd7e6
16.Rf1e1 Rf8d8
17.Nc3e2 d5
18.Qd2e3 Qc7a5
19.a4 d4
20.Qe3d3 Be7b4
21.Re1f1 c5
22.Ne2c1 c4
23.Qd3e2 cxb3
24.cxb3 Bb4c3
25.Bb2a3 Qa5b6
26.Ba3e7 Be6xb3
27.Be7xd8 Rc8xd8
28.Nc1xb3 Qb6xb3
29.Qe2xa6 Qb3c2
30.Rd1c1 Qc2d2
31.Qa6c6 h6
32.Qc6c7 Bc3a5
33.Qc7xe5 { resign }
1-0

[Event "Fast Game"]
[Site "www.echecsemail.com"]
[Date "2017.01.21"]
[Round "1"]
[White "Gambitplayer"]
[Black "Yoj"]
[WhiteElo "1609"]
[BlackElo "2009"]
[Result "0-1"]
[Round "1"]
1.e4 e5
2.Ng1f3 Nb8c6
3.Bf1b5 Qd8f6
4.Nb1c3 Bf8c5
5.O-O Ng8e7
6.d3 Nc6d4
 { time }
0-1

[Event "Tourn. n8996"]
[Site "www.chess-mail.com"]
[Date "2017.01.22"]
[Round "1"]
[White "Fabos12"]
[Black "Norlavuaram"]
[WhiteElo "2110"]
[BlackElo "2210"]
[Result "0-1"]
[Round "1"]
1.Ng1f3 g6
2.d4 Bf8g7
3.c4 Ng8f6
4.Nb1c3 d5
5.cxd5 Nf6xd5
6.e4 Nd5xc3
7.bxc3 c5
8.Bc1e3 O-O
9.Qd1d2 cxd4
10.Be3xd4 Nb8c6
11.Bd4xg7 Qd8xd2
12.Nf3xd2 Kxg7
13.Bf1c4 Nc6e5
14.Bc4b3 Ne5d3
15.Ke2 Nd3c5
16.Bb3c2 b6
17.Ra1d1 Bc8a6
18.Kf3 Ra8d8
19.Nd2b3 Nc5d3
20.Nb3d4 Nd3e5
21.Kg3 Rd8c8
22.Rh1e1 Rc8xc3
23.Re1e3 Rc3xe3
24.fxe3 Rf8c8
25.Bc2b3 Rc8c3
26.Kf4 Ne5d3
27.Kf3 Nd3c5
28.g4 Nc5d3
29.h4 Ba6b7
30.Nd4b5 Nd3e5
31.Kf4 Rc3c5
32.Nb5d4 h6
33.Nd4f3 Ne5xf3
34.Kxf3 f5
35.gxf5 gxf5
36.Rd1d7 Bb7xe4
37.Kf4 Kf6
38.Rd7xa7 Be4d5
39.Ra7d7 Bd5xb3
40.axb3 Rc5b5
41.Rd7d3 Rb5b4
42.Kg3 h5
43.Rd3c3 Ke5
44.Rc3c7 e6
45.Rc7c3 Ke4
46.Kf2 e5
47.Ke2 f4
48.exf4 exf4
49.Kf2 Rb4d4
50.Rc3c2 Rd4b4
51.Rc2c3 Rb4d4
52.Rc3c2 Rd4d3
53.Rc2c4 Kf5
54.Rc4b4 Kg4
55.Rb4xb6 Kxh4
56.b4 Kg4
57.Rb6e6 Rd3b3
58.Re6g6 Kf5
59.Rg6b6 h4
60.Rb6h6 Kg5
61.Rh6b6 h3
62.Kg1 Kg4
63.Rb6g6 Kf3
64.Kh2 Kf2
65.b5 Rb3xb5
66.Kxh3 f3
67.Rg6f6 Rb5e5
68.Kg4 Re5e4
69.Kf5 Re4e8
70.Kf4 Ke2
71.Kg3 Re8g8
72.Kh2 f2
73.Rf6e6 Kf1
74.Re6e5 Rg8h8
75.Kg3 Kg1
{ resign }
0-1

[Event "Tourn. n9116"]
[Site "www.chess-mail.com"]
[Date "2017.01.22"]
[Round "1"]
[White "Tartan"]
[Black "Jobeye"]
[WhiteElo "2450"]
[BlackElo "2419"]
[Result "1-0"]
[Round "1"]
1.e4 Ng8f6
2.e5 Nf6d5
3.d4 e6
4.c4 Bf8b4
5.Ke2 Qd8h4
6.cxd5 Qh4e4
7.Bc1e3 b6
8.Nb1c3 Bc8a6
9.Ke1 Qe4xd5
10.Qd1f3 Bb4xc3
11.bxc3 Ba6xf1
12.Qf3xd5 exd5
13.Kxf1 O-O
14.Ra1c1 Nb8c6
15.c4 dxc4
16.Rc1xc4 Ra8e8
17.Rc4c1  { time }
1-0

[Event "Tourn. n9162"]
[Site "www.chess-mail.com"]
[Date "2017.01.22"]
[Round "1"]
[White "Picifarkinca"]
[Black "Momahony"]
[WhiteElo "1630"]
[BlackElo "1699"]
[Result "0-1"]
[Round "1"]
1.Ng1f3 d5
2.c4 c6
3.e3 Ng8f6
4.d4 Bc8f5
5.Bf1d3 Bf5g6
6.Nb1c3 e6
7.Nf3e5 Bf8d6
8.Ne5xg6 hxg6
9.h3 Nb8d7
10.c5 Bd6c7
11.f4 Qd8e7
12.g4 Bc7a5
13.Bc1d2 Rh8h4
14.Qd1f3 O-O-O
15.O-O-O Rd8h8
16.Bd3f1 Ba5xc3
17.Bd2xc3 Nf6e4
18.Bc3e1 Rh4h7
19.g5 f6
20.gxf6 gxf6
21.Bf1g2 f5
22.Kb1 Nd7f6
23.Rd1c1 g5
24.Be1g3 Ne4d2
25.Ka1 Nd2xf3
{ resign }
0-1

[Event "Tourn. n9184"]
[Site "www.chess-mail.com"]
[Date "2017.01.22"]
[Round "1"]
[White "Mitja"]
[Black "Norlavuaram"]
[WhiteElo "2030"]
[BlackElo "2070"]
[Result "0-1"]
[Round "1"]
1.d4 Ng8f6
2.e3 g6
3.c3 Bf8g7
4.Nb1d2 O-O
5.Nd2f3 d5
6.Ng1e2 Nb8d7
7.Ne2g3 c6
8.Bf1e2 Rf8e8
9.h3 e5
10.dxe5 Nd7xe5
11.Nf3xe5 Re8xe5
12.O-O Re5e8
13.b3 b6
14.Bc1b2 Bc8b7
15.Be2f3 c5
16.Ra1b1 Qd8c7
17.Rf1e1 Ra8d8
18.Qd1c2 a6
19.a3 b5
20.c4 dxc4
21.Bf3xb7 cxb3
22.Qc2xb3 Qc7xb7
23.Qb3c3 Qb7b6
24.Re1d1 Nf6h5
25.Qc3e1 Nh5xg3
26.Bb2xg7 Kxg7
27.fxg3 Rd8xd1
28.Rb1xd1 c4
29.Qe1c3 Qb6f6
30.Qc3xf6 Kxf6
31.Rd1d6 Re8e6
32.Rd6xe6 Kxe6
33.Kf2 Ke5
34.Ke2 Ke4
{ resign }
0-1

[Event "Tourn. n9126"]
[Site "www.chess-mail.com"]
[Date "2017.01.22"]
[Round "1"]
[White "Hundegana"]
[Black "Urbe69"]
[WhiteElo "2030"]
[BlackElo "2030"]
[Result "0-1"]
[Round "1"]
1.f4 f5
2.e3 Ng8f6
3.Ng1f3 e6
4.g3 d5
5.c3 Bf8d6
6.d3 Nb8d7
7.b4 c6
8.a3 O-O
9.Qd1e2 a5
10.Bc1b2 axb4
11.cxb4 h6
12.h3 b6
13.Nb1d2 Bc8a6
14.Bf1g2 Ra8c8
15.O-O c5
16.Rf1c1 Qd8e7
17.Kh2 Nf6e4
18.a4 cxb4
19.Nf3d4 Nd7c5
20.Bg2xe4 fxe4
21.Qe2g4 Nc5xd3
22.Rc1xc8 Ba6xc8
23.Ra1b1 e5
24.Nd4c6 Qe7c7
25.Qg4d1 Qc7xc6
26.Bb2a1 exf4
27.exf4 Rf8xf4
28.gxf4 Bd6xf4
29.Kg2 Qc6g6
30.Kf1 Bc8xh3
31.Ke2 Qg6g2
{ resign }
0-1

[Event "Tourn. n9086"]
[Site "www.chess-mail.com"]
[Date "2017.01.22"]
[Round "1"]
[White "Darko10"]
[Black "Ozana"]
[WhiteElo "2660"]
[BlackElo "2239"]
[Result "1-0"]
[Round "1"]
1.Ng1f3 c5
2.e4 g6
3.c3 Nb8c6
4.d4 d5
5.exd5 Qd8xd5
6.Bc1e3 Bf8g7
7.dxc5 Bc8e6
8.Nb1d2 Ng8f6
9.Bf1c4 Qd5d7
10.Bc4xe6 Qd7xe6
11.Qd1b3 Qe6xb3
12.axb3 O-O
13.O-O-O Rf8d8
14.b4 a6
15.Nd2c4 Rd8xd1
16.Rh1xd1 Ra8d8
17.Nf3d4 Nc6xd4
18.Be3xd4 h5
19.Nc4a5 { resign }
1-0

[Event "Tourn. n8993"]
[Site "www.chess-mail.com"]
[Date "2017.01.22"]
[Round "1"]
[White "Albertf"]
[Black "Iko"]
[WhiteElo "1700"]
[BlackElo "1670"]
[Result "1-0"]
[Round "1"]
1.d4 d5
2.c4 Nb8c6
3.e3 Bc8f5
4.Nb1c3 e6
5.Ng1f3 Bf5g4
6.Bf1e2 Bg4xf3
7.Be2xf3 dxc4
8.Qd1a4 Bf8b4
9.Bf3xc6 Ke7
10.Qa4xb4 Kf6
11.Bc6f3 Qd8d7
12.Qb4xc4 Ra8d8
13.Nc3e4 Ke7
14.Qc4c5 Ke8
15.O-O b6
16.Qc5c2 Ng8f6
17.Ne4xf6 gxf6
18.Bf3c6 Qd7xc6
19.Qc2xc6 Rd8d7
20.b3 Rh8g8
21.Qc6a8 Rd7d8
22.Qa8xa7 Kd7
23.Bc1b2 Rd8a8
24.Qa7b7 Ra8b8
25.Qb7e4 f5
26.Qe4d3 Rg8g6
27.Ra1c1 Rb8g8
28.g3 Rg6h6
29.Qd3b5 Kd6
30.Bb2a3 c5
31.dxc5 Kc7
32.cxb6 Kb7
33.Qb5c6 Ka6
34.b7 Ka7
35.Ba3c5 Kb8
36.Bc5d6 Ka7
37.b8Q Rg8xb8
38.Bd6xb8 Kxb8
39.Qc6d6 Kb7
40.Qd6c7 Ka6
41.Rc1c6 Kb5
42.a4 Kb4
43.Qc7b6 Ka3
44.a5 Rh6h5
45.a6 f4
46.a7 fxg3
47.fxg3 Rh5e5
48.Rf1a1 Kb2
49.Qb6d4 Kxb3
50.Qd4b6 Re5b5
51.Qb6xb5 
1-0

[Event "Tourn. n9205"]
[Site "www.chess-mail.com"]
[Date "2017.01.22"]
[Round "1"]
[White "Bojan"]
[Black "Norlavuaram"]
[WhiteElo "2010"]
[BlackElo "2130"]
[Result "0-1"]
[Round "1"]
1.e4 e5
2.Ng1f3 Nb8c6
3.Bf1c4 Bf8e7
4.d4 d6
5.Nb1c3 Ng8f6
6.d5 Nc6b8
7.h3 O-O
8.Nf3h2 Nb8d7
9.b4 h6
10.Bc1e3 Rf8e8
11.Qd1f3 Nd7f8
12.Qf3g3 Nf8g6
13.f3 Nf6h5
14.Qg3f2 Be7h4
15.Nc3e2 Bh4xf2
16.Be3xf2 Re8f8
17.Nh2g4 Nh5f6
18.Ng4e3 c6
19.dxc6 bxc6
20.Ne3g4 Nf6xg4
21.hxg4 Bc8e6
22.Bc4d3 d5
23.exd5 cxd5
24.Ne2g3 Ng6f4
25.Bd3f1 Qd8c7
26.Bf2c5 Rf8d8
27.Ra1c1 e4
28.c3 Nf4xg2
29.Kf2 Ng2f4
30.fxe4 dxe4
31.Ng3xe4 Be6d5
32.Rc1e1 Nf4e6
33.c4 Qc7f4
{ resign }
0-1

[Event "Tourn. n9142"]
[Site "www.chess-mail.com"]
[Date "2017.01.22"]
[Round "1"]
[White "Aperturaf"]
[Black "Jazzy"]
[WhiteElo "2380"]
[BlackElo "2399"]
[Result "1-0"]
[Round "1"]
1.e4 g6
2.d4 d6
3.Nb1c3 Bf8g7
4.Bc1e3 Ng8f6
5.f3 O-O
6.Qd1d2 Nb8c6
7.O-O-O Bc8d7
8.Kb1 a6
9.e5 dxe5
10.dxe5 Nc6xe5
11.Be3d4 Ne5g4
12.fxg4 Bd7xg4
13.Bf1e2 Bg4e6
14.Ng1f3 Qd8c8
15.Nf3g5 Be6f5
16.Nc3d5 Nf6xd5
17.Bd4xg7 Rf8d8
18.Bg7h6 c6
19.h3 Qc8c7
20.g4 Bf5d7
21.Rh1f1 f6
22.Be2f3 { resign }
1-0

[Event "Tourn. n9059"]
[Site "www.chess-mail.com"]
[Date "2017.01.22"]
[Round "1"]
[White "Olddog55"]
[Black "Falcoale"]
[WhiteElo "1820"]
[BlackElo "1890"]
[Result "0-1"]
[Round "1"]
1.d4 Ng8f6
2.Ng1f3 b6
3.e3 Bc8b7
4.Bf1d3 e6
5.Nf3e5 d6
6.Ne5c4 Bb7xg2
7.Rh1g1 Bg2b7
8.Qd1e2 Bf8e7
9.Rg1xg7 Be7f8
10.Rg7g3 Nb8c6
11.Qe2f3 Ra8b8
12.e4 Nc6xd4
13.Qf3e3 Nd4c6
14.f4 Bf8e7
15.f5 e5
16.Qe3h6 Be7f8
17.Qh6g5 h6
18.Qg5h4 Bf8e7
19.Bc1xh6 Be7f8
20.Rg3h3 Rh8xh6
21.Qh4g3 Rh6xh3
22.Qg3xh3 Nc6b4
23.Nb1d2 Nb4xd3
24.cxd3 d5
25.Nc4xe5 dxe4
26.dxe4 Qd8d4
27.Ne5c4 Nf6xe4
28.Qh3e3 Qd4xe3
29.Nc4xe3 Rb8d8
30.Nd2f3 Bf8c5
31.Ne3g4 Bc5b4
32.Kf1 Ne4d2
33.Nf3xd2 Bb4xd2
34.h4 Rd8d4
35.Ng4f6 Ke7
36.Nf6h7 Rd4xh4
37.Nh7g5 Rh4h1
{ resign }
0-1

[Event "Tourn. n9184"]
[Site "www.chess-mail.com"]
[Date "2017.01.22"]
[Round "1"]
[White "Mitja"]
[Black "Bojan"]
[WhiteElo "2030"]
[BlackElo "2000"]
[Result "0-1"]
[Round "1"]
1.d4 d5
2.e3 e6
3.c3 a6
4.Ng1f3 c5
5.dxc5 Bf8xc5
6.Nb1d2 Bc8d7
7.Nd2b3 Bc5d6
8.Bf1e2 Qd8f6
9.h3 Nb8c6
10.Nb3d4 Ng8e7
11.Nd4xc6 bxc6
12.Qd1c2 Ne7f5
13.b3 e5
14.Bc1b2 Qf6g6
15.O-O e4
16.Nf3h2 Nf5h4
17.g4 h5
18.f4 hxg4
19.hxg4 Qg6h7
20.Rf1f2 Qh7g8
21.Kf1 Nh4g6
22.Ke1 Rh8h7
23.Kd2 f5
24.g5 c5
25.Ra1h1 Bd7b5
26.a4 Bb5xe2
27.Rf2xe2 Ng6h4
28.Re2e1 Qg8h8
29.Qc2d1 Nh4g2
30.Re1e2 Ng2h4
31.Rh1f1 Ra8d8
32.Kc1 Bd6c7
33.Qd1c2 Bc7b6
34.Rf1d1 Ke7
35.Nh2f1 Nh4f3
36.Nf1g3 Ke6
37.Kb1 Rh7h3
38.Ng3f1 Rd8d7
39.Ka2 Qh8c8
40.c4 d4
41.exd4 cxd4
42.Qc2b1 d3
43.Re2f2 Bb6xf2
{ resign }
0-1